01729cam a2200277 a 4500999001700000001000900017005001700026008004100043010001700084020004300101020004000144035002400184050002200208082001700230245011900247260006200366300003400428504006500462505059400527650007101121650006701192700003101259700002301290942001501313952012301328 c23476d234761625155920170126114225.0100525s2011 paua b 001 0 eng  a 2010022113 a9780812242782 (hardcover : alk. paper) a0812242785 (hardcover : alk. paper) a(OCoLC)ocn63222855300aNA730.P4 A73 201100a720.974822200aArchitecture and landscape of the Pennsylvania Germans, 1720-1920 /cedited by Sally McMurry and Nancy Van Dolsen. aPhiladelphia :bUniversity of Pennsylvania Press,cc2011. axiv, 250 p. :bill. ;c27 cm. aIncludes bibliographical references (p.[229]-237) and index.0 aIntroduction: architecture and landscape of the Pennsylvania Germans, 1720-1920 / Sally McMurry and Nancy Van Dolsen -- Landscapes / Gabrielle Lanier -- Rural houses / Sally McMurry -- Domestic outbuildings / Philip E. Pendleton -- Barns and agricultural outbuildings / Sally McMurry and J. Ritchie Garrison -- Town house: from borough to city, Lancaster's changing streetscape / Bernard L. Herman, Thomas Ryan, and David Schuyler -- Commerce and culture: Pennsylvania German commercial vernacular architecture / Diane Wenger and J. Ritchie Garrison -- Religious landscapes / Jerry Clouse. 0aVernacular architecturezPennsylvaniazPennsylvania Dutch Country. 0aCultural landscapeszPennsylvaniazPennsylvania Dutch Country.1 aMcMurry, Sally Ann,d1954-1 aVan Dolsen, Nancy. 2lcccBOOKS 00102lcc4070aMUCbMUCcTECHd2017-01-26eDonation(BFA)l0oNA730.P4 A73 2011p32359r2018-05-29w2017-01-26yBOOKS